Library of the University of Algiers 3
Ibrahim Sultan Cheibout
شعار جامعة الجزائر 3
مكتبة جامعة الجزائر 3
إبراهيم سلطان شيبوط

المحاسبة أساس لقرارات الأعمال : (رقم التسجيلة. 41549)

تفاصيل مارك
000 -LEADER
fixed length control field 01568nam a2200229Ia 4500
003 - CONTROL NUMBER IDENTIFIER
control field Ost
005 - DATE AND TIME OF LATEST TRANSACTION
control field 20260507074848.0
008 - FIXED-LENGTH DATA ELEMENTS--GENERAL INFORMATION
fixed length control field 260507s9999||||xx |||||||||||||| ||und||
040 ## - CATALOGING SOURCE
Transcribing agency fsecg
041 ## - LANGUAGE CODE
Language code of text/sound track or separate title ara
082 ## - DEWEY DECIMAL CLASSIFICATION NUMBER
Classification number 657
100 ## - MAIN ENTRY--PERSONAL NAME
Personal name ميجر، روبرت
Relator term مؤلف
245 #0 - TITLE STATEMENT
Title المحاسبة أساس لقرارات الأعمال :
Remainder of title الجزء الأول /
Statement of responsibility, etc. روبرت ميجر
260 ## - PUBLICATION, DISTRIBUTION, ETC.
Place of publication, distribution, etc. الرياض:
Name of publisher, distributor, etc. دار المريخ,
Date of publication, distribution, etc. 2006
300 ## - PHYSICAL DESCRIPTION
Extent 847 صفحة؛
Other physical details إيضاحات ؛
Dimensions 28 سم
520 ## - SUMMARY, ETC.
Summary, etc. يضم الكتاب في جزئه الأول المحاسبة، توفير المعلومات لإتخاذ القرارات، القوائم المالية الأساسية والدورة المحاسبية ،معالجة الأحداث الاقتصادية، اعداد التقرير السنوي، المحاسبة عن الأنشطة التجارية، صور تنظيم المنشآت، الأصول المالية، المخزون وتكلفة البضاعة المباعة، الأصول الثابتة والاهلاك، الالتزامات، حق ملكية المساهمين فيما يخص رأس المال المدفوع الدخل والتغيرات في المكاسب أو الأرباح المحتجزة، قائمة التدفقات النقدية، تحليل القوائم المالية.
653 ## - INDEX TERM--UNCONTROLLED
Uncontrolled term إتخاذ القرارات- الإدارة
653 ## - INDEX TERM--UNCONTROLLED
Uncontrolled term إدارة الأعمال
653 ## - INDEX TERM--UNCONTROLLED
Uncontrolled term المحاسبة
700 ## - ADDED ENTRY--PERSONAL NAME
Personal name هاكا، سوزان وآخرون
Relator term مؤلف ثانوي
942 ## - ADDED ENTRY ELEMENTS (KOHA)
Koha item type كتب
المقتنيات
Withdrawn status Lost status Source of classification or shelving scheme Damaged status Not for loan Home library Current library Date acquired Serial enumeration / chronology Inventory number Total checkouts Full call number Barcode Date last seen Price effective from Koha item type
    Dewey Decimal Classification   NOT LOAN / إعارة داخلية مكتبة كلية العلوم الإقتصادية والعلوم التجارية وعلوم التسيير مكتبة كلية العلوم الإقتصادية والعلوم التجارية وعلوم التسيير 07/05/2026 الطابق الأرضي 2007+1   أ/2303ج1ن1 2007+1 07/05/2026 07/05/2026 كتب
    Dewey Decimal Classification   Available مكتبة كلية العلوم الإقتصادية والعلوم التجارية وعلوم التسيير مكتبة كلية العلوم الإقتصادية والعلوم التجارية وعلوم التسيير 07/05/2026 الطابق الأرضي 2007+2   أ/2303ج1ن2 2007+2 07/05/2026 07/05/2026 كتب
    Dewey Decimal Classification   Available مكتبة كلية العلوم الإقتصادية والعلوم التجارية وعلوم التسيير مكتبة كلية العلوم الإقتصادية والعلوم التجارية وعلوم التسيير 07/05/2026 الطابق الأرضي 2007+3   أ/2303ج1ن3 2007+3 07/05/2026 07/05/2026 كتب
    Dewey Decimal Classification   Available مكتبة كلية العلوم الإقتصادية والعلوم التجارية وعلوم التسيير مكتبة كلية العلوم الإقتصادية والعلوم التجارية وعلوم التسيير 07/05/2026 الطابق الثاني 2007+4   أ/2303ج1ن4 2007+4 07/05/2026 07/05/2026 كتب
    Dewey Decimal Classification   Available مكتبة كلية العلوم الإقتصادية والعلوم التجارية وعلوم التسيير مكتبة كلية العلوم الإقتصادية والعلوم التجارية وعلوم التسيير 07/05/2026 الطابق الثاني 2007+5   أ/2303ج1ن5 2007+5 07/05/2026 07/05/2026 كتب
    Dewey Decimal Classification   Available مكتبة كلية العلوم الإقتصادية والعلوم التجارية وعلوم التسيير مكتبة كلية العلوم الإقتصادية والعلوم التجارية وعلوم التسيير 07/05/2026 مكتبة بن عكنون 2007+6   أ/2303ج1ن6 2007+6 07/05/2026 07/05/2026 كتب
    Dewey Decimal Classification   Available مكتبة كلية العلوم الإقتصادية والعلوم التجارية وعلوم التسيير مكتبة كلية العلوم الإقتصادية والعلوم التجارية وعلوم التسيير 07/05/2026 مكتبة بن عكنون 2007+7   أ/2303ج1ن7 2007+7 07/05/2026 07/05/2026 كتب

موارد الويب المفتوحة


© University of Algiers 3 All Rights Reserved
|
Implemented by LECHELAH Riad